Phân lập, tuyển chọn và nhận diện một số dòng vi khuẩn có khả năng phân huỷ Benzene và xylene : Luận văn thạc sĩ. Chuyên ngành: công nghệ sinh học

Phân lập, tuyển chọn và nhận diện được một số dòng vi khuẩn có khả năng phnâ huỷ benzene xylene.

Shranjeno v:
Bibliografske podrobnosti
Glavni avtor: Nguyễn, Thị Nhi
Format: Knjiga
Jezik:Undetermined
Izdano: Cần Thơ Đại Học Cần Thơ 2009
Teme:
Oznake: Označite
Brez oznak, prvi označite!
Thư viện lưu trữ: Trung tâm Học liệu Trường Đại học Cần Thơ
LEADER 00997nam a2200217Ia 4500
001 CTU_184492
008 210402s9999 xx 000 0 und d
082 |a 660.63 
082 |b Nh300 
088 |a 60420201 
100 |a Nguyễn, Thị Nhi 
245 0 |a Phân lập, tuyển chọn và nhận diện một số dòng vi khuẩn có khả năng phân huỷ Benzene và xylene : 
245 0 |b Luận văn thạc sĩ. Chuyên ngành: công nghệ sinh học 
245 0 |c Nguyễn Thị Nhi ; Nguyễn Hữu Hiệp hướng dẫn 
260 |a Cần Thơ 
260 |b Đại Học Cần Thơ 
260 |c 2009 
520 |a Phân lập, tuyển chọn và nhận diện được một số dòng vi khuẩn có khả năng phnâ huỷ benzene xylene. 
650 |a Biochemical engineering,Kỹ thuật hóa sinh 
904 |i Kim, Thị Ngọc Yến 
980 |a Trung tâm Học liệu Trường Đại học Cần Thơ